| 000 | 00543nam a2200205Ia 4500 | ||
|---|---|---|---|
| 005 | 20260429112110.0 | ||
| 008 | 260429s9999||||xx |||||||||||||| ||und|| | ||
| 020 | _a9781138333512 | ||
| 041 | _aEnglish | ||
| 082 |
_a909.0982 _bFRE |
||
| 100 | _aFregulia, Jeanette M. | ||
| 245 | 0 |
_aWindows into the medieval mediterranean / _cJeanette M. Fregulia |
|
| 250 | _a1st ed. | ||
| 260 |
_aLondon : _bRoutledge, _c2025. |
||
| 300 | _axv, 239 p.; pbk | ||
| 650 | _a Architecture | ||
| 650 | _a Windows | ||
| 650 | _aArchaeology | ||
| 942 | _cTB | ||
| 999 |
_c52345 _d52345 |
||